| 000 | 01127nam a22003377a 4500 | ||
|---|---|---|---|
| 003 | CHAP | ||
| 005 | 20220329143618.0 | ||
| 008 | 100920s1993 mx r 00010 spa d | ||
| 010 | _a99292 | ||
| 011 | _a100264 | ||
| 035 | _a110950 | ||
| 040 | _cCHAP | ||
| 090 | _aFolleto 17767 | ||
| 100 | 1 |
_aGonzález Vela, Gabriel A. _949477 |
|
| 245 | 1 | 0 |
_aSíntesis de un mercado, una moneda _c/por Gabriel A. González Vela |
| 260 |
_a[México, D. F.] : _bInstituto de Investigación Económica y Social Lucas Alamám, _c1993 |
||
| 300 | _a35 p. | ||
| 590 |
_aBATCH-UPD _b10 _c20130110 _lUCH01 _h0942 |
||
| 590 |
_aBATCH-UPD _b10 _c20130410 _lUCH01 _h0557 |
||
| 590 |
_aBATCH-UPD _b10 _c20130914 _lUCH01 _h1114 |
||
| 590 |
_aCONVERSION _b10 _c20130109 _lUCH01 _h1355 |
||
| 650 | 1 | 4 |
_aCuestión monetaria _xEuropa. _930127 |
| 650 | 1 | 4 |
_aDinero. _932616 |
| 650 | 1 | 4 |
_aFinanzas. _940930 |
| 650 | 1 | 4 |
_aPolítica económica _xEuropa. _990506 |
| 650 | 1 | 4 |
_aPresupuesto. _991543 |
| 650 | 1 | 4 |
_aRelaciones económicas internacionales. _995813 |
| 901 | _aBK | ||
| 942 | _cFOLL | ||
| 949 |
_aFolleto 17767 _bBC _cFOLL _d33724002109561 _eTS1 _i110950 _sb |
||
| 999 |
_c99292 _d99292 |
||